[Event "Dortmund op-A"]
[Site "Dortmund"]
[Date "2007.06.30"]
[Round "8"]
[White "Maniocha, Marek"]
[Black "Wist, Alexander"]
[Result "0-1"]
[WhiteElo "2082"]
[BlackElo "2060"]
[PlyCount "123"]
[EventDate "2007.06.22"]
[EventType "swiss"]
[EventRounds "9"]
[EventCountry "GER"]
[SourceTitle "EXT 2008"]
[Source "ChessBase"]
[SourceDate "2007.11.25"]
[SourceVersion "1"]
[SourceVersionDate "2007.11.25"]
[SourceQuality "1"]

1. d4 Nf6 2. c4 e6 3. Nc3 Bb4 4. Qc2 c5 5. e3 Nc6 6. Nf3 d6 7. g3 0-0 8. Bg2 d5 9. 0-0 cxd4 10. exd4 dxc4 11. Ne2 Bd7 12. Qxc4 Rc8 13. Qb3 Nd5 14. Bg5 Be7 15. Bd2 Qb6 16. Qxb6 Nxb6 17. Rac1 Nb4 18. Nf4 Bb5 19. Rfe1 Nc4 20. a3 Nxd2 21. Nxd2 Nc6 22. Bxc6 bxc6 23. d5 cxd5 24. Nxd5 Bxa3 25. Nf6+ gxf6 26. bxa3 f5 27. Nf3 Rfd8 28. h4 Kg7 29. Rxc8 Rxc8 30. Re3 Rc1+ 31. Kh2 Bc6 32. Ne1 Ra1 33. Kg1 a5 34. Kf1 a4 35. Ke2 Ra2+ 36. Kf1 Bd5 37. Rc3 Bb3 38. Nd3 Rxa3 39. Nc1 Ra1 40. Ke2 Bd5 41. Kd2 Rb1 42. Ra3 Rb2+ 43. Ke3 Rc2 44. Nd3 Bb3 45. Nb4 Rc3+ 46. Kd2 Rf3 47. Ke1 f4 48. g4 Rh3 49. h5 e5 50. Nc2 Rc3 51. Na1 e4 52. g5 h6 53. g6 Rh3 54. gxf7 Kxf7 55. Nxb3 axb3 56. Ra7+ Ke6 57. Rb7 Kf5 58. Ke2 Kg4 59. Rb5 Rc3 60. Rb4 Rc2+ 61. Kd1 Rxf2 62. Rxb3 0-1

[Event "Dortmund op-A"]
[Site "Dortmund"]
[Date "2007.06.23"]
[Round "2"]
[White "Langers, Alexander"]
[Black "Wist, Alexander"]
[Result "0-1"]
[WhiteElo "2115"]
[BlackElo "2060"]
[PlyCount "128"]
[EventDate "2007.06.22"]
[EventType "swiss"]
[EventRounds "9"]
[EventCountry "GER"]
[SourceTitle "EXT 2008"]
[Source "ChessBase"]
[SourceDate "2007.11.25"]
[SourceVersion "1"]
[SourceVersionDate "2007.11.25"]
[SourceQuality "1"]

1. e4 c5 2. Nf3 d6 3. d4 cxd4 4. Nxd4 Nf6 5. Nc3 a6 6. Be3 e5 7. Nb3 Be6 8. Qd2 Be7 9. f3 Nbd7 10. 0-0-0 0-0 11. g4 b5 12. Qf2 Qc7 13. h4 Rab8 14. g5 Nh5 15. Nd5 Bxd5 16. exd5 Nb6 17. f4 Nc4 18. f5 Nxe3 19. Qxe3 Rfc8 20. Bd3 f6 21. Rhf1 a5 22. Nd2 Qb6 23. Qxb6 Rxb6 24. g6 Nf4 25. Rxf4 exf4 26. Nb3 hxg6 27. fxg6 f5 28. h5 Bf6 29. Nxa5 Ra8 30. b4 Bc3 31. a3 Re8 32. Bxf5 Re5 33. Be6+ Kh8 34. Nc6 Ra6 35. Na5 Ra8 36. Kb1 f3 37. Rd3 f2 38. Bh3 Re1+ 39. Ka2 Bf6 40. Rf3 Ra1+ 41. Kb3 Rb1+ 42. Ka2 Rb2+ 43. Ka1 Rxc2+ 44. Kb1 Rc3 45. Rxc3 Bxc3 46. Kc2 Bf6 47. Bf1 Re8 48. Bxb5 Re5 49. Nc6 Rxd5 50. Bf1 Rxh5 51. a4 Rh1 52. Be2 Re1 53. Kd3 d5 54. a5 f1Q 55. Bxf1 Rxf1 56. b5 Rf3+ 57. Kc2 d4 58. Nb4 Rc3+ 59. Kd2 Bg5+ 60. Ke2 Rc4 61. a6 Rxb4 62. a7 Ra4 63. b6 Bf4 64. Kf3 d3 0-1

[Event "Regionalliga SO 0607"]
[Site "Bayern"]
[Date "2007.04.22"]
[Round "9.8"]
[White "Wist, Alexander"]
[Black "Schwertler, Philipp"]
[Result "1/2-1/2"]
[WhiteElo "2060"]
[BlackElo "1896"]
[PlyCount "51"]
[EventDate "2006.10.15"]
[EventType "team-tourn"]
[EventRounds "9"]
[EventCountry "GER"]
[SourceTitle "EXT 2008"]
[Source "ChessBase"]
[SourceDate "2007.11.25"]
[SourceVersion "1"]
[SourceVersionDate "2007.11.25"]
[SourceQuality "1"]
[WhiteTeam "Landshut"]
[BlackTeam "Ilmmuenster"]
[WhiteTeamCountry "GER"]
[BlackTeamCountry "GER"]

1. e4 c5 2. Nf3 Nc6 3. d4 cxd4 4. Nxd4 a6 5. Nxc6 bxc6 6. Bd3 e6 7. 0-0 d5 8. e5 Qc7 9. f4 Bc5+ 10. Kh1 Ne7 11. Qg4 g6 12. Qh4 Nf5 13. Qh3 Bd7 14. g4 Ne7 15. c3 Qb7 16. Nd2 Bb6 17. b3 c5 18. c4 Bc6 19. Kg1 h5 20. Ba3 0-0-0 21. g5 Rd7 22. Qe3 Rhd8 23. Rad1 dxc4 24. Nxc4 Nf5 25. Qe2 Nd4 26. Qe3 1/2-1/2

[Event "Niederbayernliga 0708"]
[Site "Germany"]
[Date "2007.01.20"]
[Round "5.3"]
[White "Wolf, Andreas"]
[Black "Wist, Alexander"]
[Result "0-1"]
[WhiteElo "1915"]
[BlackElo "2090"]
[PlyCount "56"]
[EventDate "2007.10.21"]
[EventType "team"]
[EventRounds "9"]
[EventCountry "GER"]
[SourceTitle "EXT 2009"]
[Source "ChessBase"]
[SourceDate "2008.11.26"]
[SourceVersion "1"]
[SourceVersionDate "2008.11.26"]
[SourceQuality "1"]
[WhiteTeam "Grafenau"]
[BlackTeam "Landshut"]
[WhiteTeamCountry "GER"]
[BlackTeamCountry "GER"]

1. e4 c5 2. Nf3 d6 3. d4 cxd4 4. Nxd4 Nf6 5. Nc3 a6 6. Be2 e5 7. Nb3 Be7 8. 0-0 0-0 9. a4 b6 10. Be3 Bb7 11. Bf3 Nbd7 12. Qe2 Qc7 13. Rfd1 Rac8 14. Rd2 Qb8 15. g3 Qa8 16. Nd5 Nxd5 17. exd5 f5 18. c4 a5 19. Rc2 Ba6 20. Rac1 Rc7 21. Qe1 Qc8 22. Be2 f4 23. Bd2 Nf6 24. gxf4 Nxd5 25. fxe5 Bh4 26. Qd1 Bxf2+ 27. Kh1 Bb7 28. cxd5 Bxd5+ 0-1